=LDR 00000nam 2200000 4500 =001 INLIS000000000052058 =005 20200309070740 =035 ##$$a 0010-0118000246 =007 ta =008 200309################g##########0#ind## =020 ##$$a 979-98406-59-5 =082 ##$$a 297.496 =084 ##$$a 297.496 UMM b =100 #$$a Ummu Harits =245 1#$$a Berburu pahala ketika haid : $b Bekal bagi muslimah saat haid /$c Ummu Harits, Irfan Supandi; Editor, Nurul Chotimah =250 ##$$a cet.8 =260 ##$$a Surakarta :$b Ziyad Visi Media,$c 2015 =300 ##$$a 149 hlm. : $b ilus ; $c 20 x 14 cm. =650 #4$$a Haid =700 #$$a Nurul Chotimah =504 ##$$a Bibliografi : hlm. 145 - 146 =990 ##$$a 21706315 =990 ##$$a 21706314 =990 ##$$a 21706313 =990 ##$$a 21706312 =990 ##$$a 21706311